00301nam a2200133Ia 4500008004100000041000800041082000800049100001600057245003800073260001900111300000800130542001500138650001400153220531s9999 xx 000 0 und d aeng bSOR aSorokin, P. aContemporary Sociological Thought bKalyani c1995 a785 d22-05-1999 aSociology